Holiday in a coma and love lasts three years
| Main Author: | |
|---|---|
| Format: | Book |
| Published: |
London :
Harper Perennial ,
2007
|
| Subjects: |
MARC
| LEADER | 00000cam a2200000 7i4500 | ||
|---|---|---|---|
| 001 | 0000123773 | ||
| 005 | 20080905.0 | ||
| 020 | |a 9780007229031 | ||
| 090 | 0 | 0 | |a F |b BEI |
| 100 | 1 | |a Beigbeder, Frederic | |
| 245 | 1 | 0 | |a Holiday in a coma and love lasts three years |c Frederic Beigbeder |
| 260 | |a London : |b Harper Perennial , |c 2007 | ||
| 300 | |a 300p. ; |c 20cm. | ||
| 650 | 0 | 0 | |a Fiction |
| 999 | |a 00218946 |b BUKU |c PINJAMAN |e PERPUSTAKAAN KOMUNITI PETALING JAYA | ||